Central America Cities Map Quiz - Statistics

General Stats
  • This quiz has been taken 215 times
  • The average score is 9 of 17
Answers on the Map
Answers color-coded by a green-red scale on the quiz's map according to % correct below.
 
Answer Stats
Answer % Correct
Belize City
80%
Panama City
77%
San Salvador
74%
Guatemala
72%
San Jose
72%
Managua
71%
Belmopan
68%
Tegucigalpa
62%
San Pedro Sula
44%
Quetzaltenango
40%
Colón
37%
Tuxtla Gutiérrez
36%
Limon
35%
San Miguel
31%
David
30%
Liberia
28%
Flores
21%
No matching quizzes found
Score Distribution
Percent of People with Each Score
Percentile by Number Answered
Your Score History
You have not taken this quiz